Top 10 NBA Players leading in points per game 2025 - Statistics

General Stats
  • This quiz has been taken 110 times
  • The average score is 7 of 10
Answer Stats
Answer Hint % Correct
Nikola Jokic 30.1
98%
Shai Gilgeous-alexander 31.5
98%
Giannis Antetokounmpo 31.5
93%
Jayson Tatum 27.5
77%
Anthony Edwards 26.3
76%
Kevin Durant 27.3
72%
Jalen Brunson 26.2
68%
DeAaron Fox 25.9
52%
Tyrese Maxey 26.4
49%
Lamelo Ball 29.3
48%
No matching quizzes found
Score Distribution
Percent of People with Each Score
Percentile by Number Answered
Your Score History
You have not taken this quiz